000 00796nam a2200265Ia 4500
003 OSt
005 20220925230641.0
006 a|||||r|||| 00| 0
007 ta
008 220923b |||||||| |||| 00| 0 eng d
020 _a1 85649 087 4
037 _cGeneral Book
040 _aRTL
_cRTL
_beng
041 _2eng
_aeng
082 _aY15-49(J).435.N9, N4
100 _aStivens Maila and others
_9294059
245 0 _aMalay peasant women and the land
260 _aLondon
_bZed Books
_c1994
300 _axi,122p
_ccm.
490 _aInternational Labour Office. World Employment Programme
500 _aBibliography: p 112-119
650 _aWorking Women
942 _hY15-49(J).435.N9, N4
_cGB
_2CC
999 _c586259
_d586259